000
00293nam a2200109Ia 4500
008
220216s9999 xx 000 0 und d
100
_a
Pakianathan S W
245
0
_a
Physiological basis for rational exploitation of Hevea yield
650
_a
Exploitation
700
_a
Abraham P D
942
_c
JS
999
_c
64984
_d
64984